000 00818cam a2200241 4500
001 WB3542-19
008 000000n1999 000 0 eng u
035 _a(Sirsi) u101110
245 _aCouncil houses face £2.75bn costs
260 _c1999
490 _aFinancial Times
_v29 October 1999, 6(1)
520 _aA survey of local authority housing in the north of England suggests that £2.75bn is needed to demolish and repair rundown properties. "Housing: the big picture" is available from the Northern Consortium of Housing Authorities on 0191 566 1000.
590 _aWB
650 _aSOCIAL HOUSING
650 _aLOCAL AUTHORITIES
650 _aCOUNCIL HOUSING
650 _aNORTH OF ENGLAND
650 _aSURVEYS
650 _aREPAIRS
650 _aDEMOLITION
690 _aHOUSING
942 _n0
999 _c60315
_d60315